[Event "73rd RUS-ch Higher League 2020"]
[Site "Sochi"]
[Date "2020.10.09"]
[Round "2.19"]
[White "Sergeyev, Alexander"]
[Black "Zvjaginsev, Vadim"]
[Result "0-1"]
[WhiteElo "2374"]
[BlackElo "2617"]
[Annotator "TA"]
[PlyCount "68"]
[EventDate "2020.10.08"]
[EventType "swiss"]
[EventCountry "RUS"]
[SourceTitle "playchess.com"]
[Source "ChessBase"]
[SourceQuality "1"]

{[%evp 13,68,20,70,55,57,52,47,47,42,7,15,14,4,14,0,-8,-8,-2,0,-24,-11,-50,-50,-45,-14,-14,-14,-23,0,0,0,-4,-20,-25,-42,-45,0,-14,-29,-86,-77,-85,-79,-179,0,-164,-156,-201,-188,-386,-380,-505,-500,-579,-536,-552,-528]} 1. d4 c5 2. d5 d6 3. e4 Nf6 4. Nc3 g6 5. Nf3 Bg7 6. Be2 O-O 7. O-O Bg4 8. Bg5 {A43: Schmid Benoni.} Nbd7 9. Qd2 Qa5 10. Rfe1 {White is slightly better.} a6 {[#]} 11. Bh6 $146 ({Predecessor:} 11. h3 Bxf3 12. Bxf3 b5 13. Bh6 Ne5 14. Be2 b4 15. Bxg7 Kxg7 16. Nd1 Nxe4 17. Qe3 {0-1 (61) Van Muenster,K-Buck,L Niedersachsen 1995}) 11... Bxh6 12. Qxh6 Bxf3 13. Bxf3 Qb4 14. Qc1 Ne5 15. Bd1 Qd4 16. Rb1 e6 {[%cal Re6d5]} 17. Qe3 (17. Qg5 {looks sharper.} Kg7 18. Be2 h6 19. Qh4 g5 20. Qh3) 17... Nc4 18. Qd3 Rae8 19. dxe6 fxe6 $40 {[%mdl 128] Black is up to no good.} 20. Be2 Ne5 21. Qg3 $1 c4 22. Red1 Qc5 23. Kh1 $1 b5 24. f4 Nf7 {Black wants to play ...b4.} 25. Bf3 b4 26. Ne2 (26. Na4 $11 Qb5 27. b3) 26... e5 $17 {White must now prevent ...exf4.} 27. c3 a5 {[%cal Ba6a5,Ba5b4][%mdl 32] And now ...exf4 would win.} 28. Rbc1 {[#]} (28. f5 $17 {was called for.} g5 29. Rbc1) 28... Rc8 $2 (28... d5 $1 $19 {[%cal Rd5e4][%mdl 512]} 29. exd5 Nd6) 29. Qe1 $2 {[#]} (29. f5 $1 $11 {and White has nothing to worry.} g5 30. Ng1) 29... d5 $1 $19 {[%cal Rd5e4][%mdl 512]} 30. fxe5 (30. exd5 e4) 30... Nxe5 31. Nd4 $2 (31. Nf4 {keeps fighting.} dxe4 32. Bxe4) 31... Rce8 ({Not} 31... Nd3 32. Rxd3 cxd3 33. Ne6 $17) 32. cxb4 axb4 {Black is clearly winning.} 33. Qh4 {and the idea exd5 leaves White hopeful.} Nxf3 34. gxf3 dxe4 {Accuracy: White = 59%, Black = 86%.} 0-1

[Event "73rd RUS-ch Higher League 2020"]
[Site "Sochi"]
[Date "2020.10.09"]
[Round "2.20"]
[White "Rodchenkov, Vitaly"]
[Black "Nesterov, Arseniy"]
[Result "1/2-1/2"]
[WhiteElo "2321"]
[BlackElo "2510"]
[Annotator "ChessBase"]
[PlyCount "135"]
[EventDate "2020.10.08"]
[EventType "swiss"]
[EventCountry "RUS"]
[SourceTitle "playchess.com"]
[Source "ChessBase"]
[SourceQuality "1"]
[TimeControl "40/5400+30:1800+30"]

1. d4 {[%emt 0:00:00]} Nf6 {[%emt 0:00:00]} 2. Nf3 {[%emt 0:01:46]} e6 {[%emt 0:00:38]} 3. Bg5 {[%emt 0:00:56]} d5 {[%emt 0:00:50]} 4. e3 {[%emt 0:00:30]} c5 {[%emt 0:03:57]} 5. Nbd2 {[%emt 0:00:12]} Nc6 {[%emt 0:02:09]} 6. c3 {[%emt 0:00:14]} Be7 {[%emt 0:06:46]} 7. Bd3 {[%emt 0:00:10]} O-O {[%emt 0:02:18]} 8. Ne5 {[%emt 0:01:32]} cxd4 {[%emt 0:08:20]} 9. exd4 {[%emt 0:01:03]} Nxe5 {[%emt 0:02:05]} 10. dxe5 {[%emt 0:00:10]} Nd7 {[%emt 0:01:05]} 11. Bxe7 {[%emt 0:09:55]} Qxe7 12. O-O Nxe5 {[%emt 0:14:06]} 13. Bxh7+ {[%emt 0:07:05]} Kxh7 {[%emt 0:00:02]} 14. Qh5+ {[%emt 0:00:09]} Kg8 {[%emt 0:00:05]} 15. Qxe5 {[%emt 0:00:06]} f6 {[%emt 0:00:22]} 16. Qd4 {[%emt 0:01:07]} b6 {[%emt 0:13:17]} 17. Rfe1 {[%emt 0:02:15]} Qf7 {[%emt 0:03:46]} 18. f4 {[%emt 0:01:42]} Bd7 {[%emt 0:01:34]} 19. Nf3 {[%emt 0:01:36]} Rac8 {[%emt 0:00:33]} 20. Qd2 {[%emt 0:01:10]} Rc4 {[%emt 0:07:55]} 21. Rad1 {[%emt 0:01:10]} Bc8 {[%emt 0:02:01]} 22. Nd4 {[%emt 0:01:17]} Re8 {[%emt 0:00:30]} 23. b3 {[%emt 0:13:54]} Rc7 {[%emt 0:03:50]} 24. Nf3 {[%emt 0:00:43]} Rce7 {[%emt 0:04:51]} 25. Re3 {[%emt 0:01:27]} Qh5 {[%emt 0:04:01]} 26. Rde1 {[%emt 0:00:54]} Qf5 {[%emt 0:02:02]} 27. Qd4 {[%emt 0:01:12]} Bb7 {[%emt 0:04:35]} 28. h3 {[%emt 0:00:45]} Qg6 {[%emt 0:02:00]} 29. Kh2 {[%emt 0:01:49]} Qf7 {[%emt 0:00:28]} 30. Qd2 {[%emt 0:01:23]} Bc8 {[%emt 0:01:57]} 31. Qd4 {[%emt 0:05:08]} Rc7 {[%emt 0:01:55]} 32. Kh1 {[%emt 0:04:43]} Bd7 {[%emt 0:02:56]} 33. Qd2 {[%emt 0:02:23]} Rc5 {[%emt 0:01:03]} 34. Nd4 {[%emt 0:01:41]} a5 {[%emt 0:02:33]} 35. Qf2 {[%emt 0:06:17]} a4 {[%emt 0:00:51]} 36. Qe2 {[%emt 0:02:43]} b5 {[%emt 0:01:15]} 37. Qd2 {[%emt 0:02:41]} Rc7 {[%emt 0:00:32]} 38. Qd3 {[%emt 0:02:49]} axb3 {[%emt 0:00:41]} 39. axb3 {[%emt 0:00:06]} Rec8 {[%emt 0:00:54]} 40. Nxb5 {[%emt 0:00:00]} Bxb5 {[%emt 0:00:00]} 41. Qxb5 {[%emt 0:04:26]} Rxc3 {[%emt 0:00:25]} 42. Rxe6 {[%emt 0:01:09]} Rc1 {[%emt 0:00:23]} 43. Kh2 {[%emt 0:07:25]} Rxe1 {[%emt 0:00:03]} 44. Rxe1 {[%emt 0:00:05]} d4 {[%emt 0:01:01]} 45. Qb6 {[%emt 0:04:24]} Qd5 {[%emt 0:03:43]} 46. Qe6+ {[%emt 0:04:54]} Qxe6 {[%emt 0:00:06]} 47. Rxe6 {[%emt 0:00:02]} Rb8 {[%emt 0:00:23]} 48. Rd6 {[%emt 0:00:21]} Rb4 {[%emt 0:00:14]} 49. f5 {[%emt 0:04:52]} Rxb3 {[%emt 0:01:37]} 50. Rxd4 {[%emt 0:00:38]} Rb5 {[%emt 0:00:07]} 51. g4 {[%emt 0:00:57]} Rb2+ {[%emt 0:00:08]} 52. Kg3 {[%emt 0:00:32]} Rb3+ {[%emt 0:00:04]} 53. Kh4 {[%emt 0:00:24]} Ra3 {[%emt 0:00:22]} 54. Rd1 {[%emt 0:00:15]} Kf7 {[%emt 0:00:50]} 55. Rg1 {[%emt 0:01:11]} Ra8 {[%emt 0:00:36]} 56. Kg3 {[%emt 0:01:21]} Ra3+ {[%emt 0:00:07]} 57. Kh2 {[%emt 0:00:11]} Ra2+ {[%emt 0:00:20]} 58. Rg2 {[%emt 0:00:10]} Ra3 {[%emt 0:00:03]} 59. Rf2 {[%emt 0:00:11]} Rb3 {[%emt 0:00:21]} 60. Kg2 {[%emt 0:00:07]} Ra3 {[%emt 0:00:11]} 61. Rf3 {[%emt 0:00:56]} Ra2+ {[%emt 0:00:13]} 62. Kg3 {[%emt 0:00:07]} Ra1 {[%emt 0:00:05]} 63. Rb3 {[%emt 0:00:41]} Rc1 {[%emt 0:00:27]} 64. Kh4 {[%emt 0:01:04]} Kg8 {[%emt 0:00:18]} 65. Kh5 {[%emt 0:00:56]} Kh7 {[%emt 0:00:03]} 66. Rb7 {[%emt 0:03:25]} Rc5 {[%emt 0:00:48]} 67. Kh4 {[%emt 0:02:46]} Rc3 {[%emt 0:01:20]} 68. Ra7 1/2-1/2

[Event "73rd RUS-ch Higher League 2020"]
[Site "Sochi"]
[Date "2020.10.09"]
[Round "2.21"]
[White "Nazaretyan, Tigran"]
[Black "Belyakov, Bogdan"]
[Result "0-1"]
[WhiteElo "2308"]
[BlackElo "2458"]
[Annotator "ChessBase"]
[PlyCount "110"]
[EventDate "2020.10.08"]
[EventType "swiss"]
[EventCountry "RUS"]
[SourceTitle "playchess.com"]
[Source "ChessBase"]
[SourceQuality "1"]
[TimeControl "40/5400+30:1800+30"]

1. d4 {[%emt 0:00:00]} Nf6 {[%emt 0:00:25]} 2. c4 {[%emt 0:00:00]} g6 {[%emt 0:00:14]} 3. Nc3 {[%emt 0:00:15]} d5 {[%emt 0:00:33]} 4. Nf3 {[%emt 0:00:36]} Bg7 {[%emt 0:00:18]} 5. Bg5 {[%emt 0:00:27]} dxc4 {[%emt 0:00:13]} 6. e4 {[%emt 0:00:24]} c5 {[%emt 0:00:09]} 7. d5 {[%emt 0:00:30]} b5 {[%emt 0:00:07]} 8. d6 {[%emt 0:00:58]} Bb7 {[%emt 0:06:41]} 9. e5 {[%emt 0:02:21]} Ne4 {[%emt 0:14:19]} 10. Nxe4 {[%emt 0:01:06]} Bxe4 {[%emt 0:00:11]} 11. a4 {[%emt 0:01:04]} f6 {[%emt 0:10:17]} 12. axb5 {[%emt 0:01:20]} O-O {[%emt 0:12:02]} 13. Bxc4+ {[%emt 0:04:16]} Kh8 {[%emt 0:00:06]} 14. Qe2 {[%emt 0:11:34]} Bxf3 {[%emt 0:03:17]} 15. Qxf3 {[%emt 0:00:24]} Nd7 {[%emt 0:00:12]} 16. exf6 {[%emt 0:01:49]} Nxf6 {[%emt 0:08:58]} 17. dxe7 {[%emt 0:03:41]} Qxe7+ {[%emt 0:00:08]} 18. Qe3 {[%emt 0:02:42]} Qxe3+ {[%emt 0:11:02]} 19. Bxe3 {[%emt 0:00:53]} Ng4 {[%emt 0:00:13]} 20. O-O {[%emt 0:04:32]} Nxe3 {[%emt 0:03:09]} 21. fxe3 {[%emt 0:00:22]} Rxf1+ {[%emt 0:00:18]} 22. Kxf1 {[%emt 0:02:12]} Bxb2 {[%emt 0:01:09]} 23. Ra2 {[%emt 0:00:35]} Be5 {[%emt 0:01:52]} 24. Ke2 {[%emt 0:00:47]} Bxh2 {[%emt 0:04:44]} 25. b6 {[%emt 0:02:35]} a5 {[%emt 0:00:04]} 26. b7 {[%emt 0:00:21]} Ra7 {[%emt 0:00:07]} 27. Bd5 {[%emt 0:01:18]} a4 {[%emt 0:00:09]} 28. Kd3 {[%emt 0:01:03]} a3 {[%emt 0:02:27]} 29. Rf2 {[%emt 0:04:05]} Kg7 {[%emt 0:02:21]} 30. Rf7+ {[%emt 0:10:24]} Kh6 {[%emt 0:00:16]} 31. Ba2 {[%emt 0:02:53]} Ra4 {[%emt 0:02:22]} 32. Re7 {[%emt 0:04:10]} Rb4 {[%emt 0:02:25]} 33. Re4 {[%emt 0:02:15]} Rxb7 {[%emt 0:00:58]} 34. Rh4+ {[%emt 0:02:35]} Kg7 {[%emt 0:00:55]} 35. Rxh2 {[%emt 0:00:27]} Rb2 {[%emt 0:00:06]} 36. Bc4 {[%emt 0:01:07]} a2 {[%emt 0:00:08]} 37. Bxa2 {[%emt 0:00:15]} Rxa2 {[%emt 0:00:05]} 38. Kc4 {[%emt 0:00:43]} Re2 {[%emt 0:00:23]} 39. Kd3 {[%emt 0:06:18]} Rf2 {[%emt 0:00:12]} 40. Kc4 {[%emt 0:00:00]} Re2 {[%emt 0:00:00]} 41. Kd3 {[%emt 0:10:58]} Rf2 {[%emt 0:05:13]} 42. Kc4 {[%emt 0:00:03]} Rf5 {[%emt 0:15:53]} 43. g4 {[%emt 0:15:16]} Rg5 {[%emt 0:03:35]} 44. Rf2 {[%emt 0:03:27]} Rxg4+ {[%emt 0:00:31]} 45. Kxc5 {[%emt 0:00:07]} h5 {[%emt 0:09:09]} 46. Kd5 {[%emt 0:00:50]} h4 {[%emt 0:00:19]} 47. e4 {[%emt 0:13:13]} h3 {[%emt 0:00:06]} 48. e5 {[%emt 0:02:33]} Rh4 {[%emt 0:08:38]} 49. Rh2 {[%emt 0:01:14]} g5 {[%emt 0:00:44]} 50. Rh1 {[%emt 0:07:19]} g4 {[%emt 0:00:50]} 51. Ke4 {[%emt 0:00:18]} g3+ {[%emt 0:00:06]} 52. Kf3 {[%emt 0:00:03]} g2 {[%emt 0:00:05]} 53. Re1 {[%emt 0:01:09]} Rg4 {[%emt 0:00:47]} 54. Rg1 {[%emt 0:01:37]} h2 {[%emt 0:00:26]} 55. Rxg2 {[%emt 0:00:06]} h1=Q {[%emt 0:00:05]} 0-1

[Event "73rd RUS-ch Higher League 2020"]
[Site "Sochi"]
[Date "2020.10.09"]
[Round "2.22"]
[White "Kardashevskiy, Evgeny"]
[Black "Obgolts, Erik"]
[Result "1/2-1/2"]
[WhiteElo "2449"]
[BlackElo "2376"]
[Annotator "ChessBase"]
[PlyCount "105"]
[EventDate "2020.10.08"]
[EventType "swiss"]
[EventCountry "RUS"]
[SourceTitle "playchess.com"]
[Source "ChessBase"]
[SourceQuality "1"]
[TimeControl "40/5400+30:1800+30"]

1. d4 {[%emt 0:00:00]} Nf6 {[%emt 0:00:00]} 2. c4 {[%emt 0:00:00]} g6 {[%emt 0:00:00]} 3. Nc3 {[%emt 0:00:06]} Bg7 {[%emt 0:00:00]} 4. e4 {[%emt 0:00:21]} d6 {[%emt 0:00:00]} 5. Nf3 {[%emt 0:00:11]} O-O {[%emt 0:00:00]} 6. h3 {[%emt 0:00:09]} e5 {[%emt 0:01:19]} 7. d5 {[%emt 0:00:19]} Na6 {[%emt 0:05:41]} 8. Bg5 {[%emt 0:03:03]} c6 {[%emt 0:04:53]} 9. Be2 {[%emt 0:03:24]} h6 {[%emt 0:03:26]} 10. Be3 {[%emt 0:01:08]} Nc5 {[%emt 0:03:07]} 11. Nd2 {[%emt 0:02:01]} a5 {[%emt 0:00:20]} 12. g4 {[%emt 0:01:00]} Nfd7 {[%emt 0:03:33]} 13. h4 {[%emt 0:06:56]} Nb6 {[%emt 0:04:26]} 14. h5 {[%emt 0:02:40]} Bd7 {[%emt 0:10:39]} 15. Nf1 {[%emt 0:23:51]} cxd5 {[%emt 0:07:44]} 16. cxd5 {[%emt 0:00:50]} Rc8 {[%emt 0:08:08]} 17. Qd2 {[%emt 0:03:15]} g5 {[%emt 0:02:01]} 18. Ng3 {[%emt 0:00:44]} Nba4 {[%emt 0:03:53]} 19. Nd1 {[%emt 0:05:17]} b5 {[%emt 0:04:14]} 20. b3 {[%emt 0:01:20]} Nb6 {[%emt 0:00:09]} 21. Qxa5 {[%emt 0:05:07]} Ra8 {[%emt 0:01:09]} 22. Qc3 {[%emt 0:01:36]} Qb8 {[%emt 0:09:15]} 23. O-O {[%emt 0:01:38]} Rc8 {[%emt 0:00:28]} 24. Qb4 {[%emt 0:01:01]} Na6 {[%emt 0:07:58]} 25. Qd2 {[%emt 0:00:37]} Nc5 {[%emt 0:01:29]} 26. Nb2 {[%emt 0:01:11]} Rc7 {[%emt 0:08:24]} 27. Nd3 {[%emt 0:01:31]} Nxd3 {[%emt 0:00:32]} 28. Qxd3 {[%emt 0:00:37]} Nc8 {[%emt 0:04:00]} 29. Qd2 {[%emt 0:01:17]} Bf6 {[%emt 0:00:36]} 30. Rfc1 {[%emt 0:01:43]} Bd8 {[%emt 0:00:21]} 31. Rxc7 {[%emt 0:00:49]} Qxc7 {[%emt 0:00:02]} 32. Rc1 {[%emt 0:00:40]} Qb7 {[%emt 0:00:06]} 33. Rc2 {[%emt 0:01:49]} Kh7 {[%emt 0:00:22]} 34. Nf5 {[%emt 0:02:38]} Qb8 {[%emt 0:01:44]} 35. Kg2 {[%emt 0:03:59]} Ne7 {[%emt 0:01:43]} 36. Ng3 {[%emt 0:14:07]} Ba5 {[%emt 0:01:21]} 37. Qc1 {[%emt 0:00:31]} Bd8 {[%emt 0:00:11]} 38. Nf1 {[%emt 0:04:28]} Ng8 {[%emt 0:00:27]} 39. Nd2 {[%emt 0:00:53]} Nf6 {[%emt 0:00:11]} 40. f3 {[%emt 0:00:00]} Bb6 {[%emt 0:00:00]} 41. Bxb6 {[%emt 0:05:00]} Qxb6 {[%emt 0:02:50]} 42. b4 {[%emt 0:00:35]} Ra4 {[%emt 0:11:01]} 43. a3 {[%emt 0:01:30]} Qa7 {[%emt 0:03:53]} 44. Rc7 {[%emt 0:01:24]} Qe3 {[%emt 0:02:16]} 45. Bxb5 {[%emt 0:02:35]} Rxa3 {[%emt 0:00:54]} 46. Bxd7 {[%emt 0:11:02]} Nxd7 {[%emt 0:04:04]} 47. Qd1 {[%emt 0:04:37]} Ra2 {[%emt 0:04:31]} 48. Rc2 {[%emt 0:00:15]} Rxc2 {[%emt 0:00:54]} 49. Qxc2 {[%emt 0:00:10]} Qe2+ {[%emt 0:00:03]} 50. Kg1 {[%emt 0:02:39]} Kg7 {[%emt 0:00:47]} 51. Qc3 {[%emt 0:02:47]} Qe1+ {[%emt 0:00:39]} 52. Kg2 {[%emt 0:00:18]} Qe2+ {[%emt 0:00:26]} 53. Kg1 {[%emt 0:01:14]} 1/2-1/2

[Event "73rd RUS-ch Higher League 2020"]
[Site "Sochi"]
[Date "2020.10.09"]
[Round "2.23"]
[White "Saidov, Bilukhadzh"]
[Black "Pogosyan, Stefan"]
[Result "1-0"]
[WhiteElo "2259"]
[BlackElo "2442"]
[Annotator "ChessBase"]
[PlyCount "77"]
[EventDate "2020.10.08"]
[EventType "swiss"]
[EventCountry "RUS"]
[SourceTitle "playchess.com"]
[Source "ChessBase"]
[SourceQuality "1"]
[TimeControl "40/5400+30:1800+30"]

1. d4 {[%emt 0:01:51]} Nf6 {[%emt 0:00:00]} 2. Nf3 {[%emt 0:00:58]} d5 {[%emt 0:00:52]} 3. c4 {[%emt 0:00:45]} e6 {[%emt 0:02:46]} 4. Nc3 {[%emt 0:01:25]} Bb4 {[%emt 0:00:51]} 5. e3 {[%emt 0:02:40]} O-O {[%emt 0:00:51]} 6. Bd3 {[%emt 0:02:53]} c5 {[%emt 0:02:32]} 7. O-O {[%emt 0:00:21]} Nc6 {[%emt 0:00:58]} 8. dxc5 {[%emt 0:01:51]} Bxc5 {[%emt 0:02:36]} 9. b3 {[%emt 0:01:40]} Qe7 {[%emt 0:01:22]} 10. cxd5 {[%emt 0:01:22]} exd5 {[%emt 0:00:21]} 11. Bb2 {[%emt 0:00:24]} Bg4 {[%emt 0:01:14]} 12. Be2 {[%emt 0:00:15]} Rfd8 {[%emt 0:14:05]} 13. Nb5 {[%emt 0:03:24]} Rac8 {[%emt 0:03:53]} 14. Rc1 {[%emt 0:01:53]} Ne4 {[%emt 0:02:50]} 15. Nbd4 {[%emt 0:01:19]} Bd6 {[%emt 0:03:46]} 16. Nxc6 {[%emt 0:08:14]} bxc6 {[%emt 0:03:38]} 17. h3 {[%emt 0:06:35]} Bh5 {[%emt 0:01:59]} 18. Qd4 {[%emt 0:01:57]} f6 {[%emt 0:16:24]} 19. Rc2 {[%emt 0:16:51]} c5 {[%emt 0:05:55]} 20. Qd1 {[%emt 0:05:59]} Bb8 {[%emt 0:02:41]} 21. Re1 {[%emt 0:07:12]} Qd6 {[%emt 0:07:24]} 22. Kf1 {[%emt 0:00:09]} a5 {[%emt 0:03:06]} 23. Qc1 {[%emt 0:03:35]} a4 {[%emt 0:02:41]} 24. Rd1 {[%emt 0:00:50]} Qb6 {[%emt 0:02:21]} 25. bxa4 {[%emt 0:04:14]} Be8 {[%emt 0:01:23]} 26. Bb5 {[%emt 0:00:30]} Bxb5+ {[%emt 0:00:14]} 27. axb5 {[%emt 0:00:02]} Qxb5+ {[%emt 0:00:22]} 28. Kg1 {[%emt 0:00:51]} c4 {[%emt 0:06:30]} 29. Bd4 {[%emt 0:00:30]} Qa5 {[%emt 0:00:30]} 30. Qa1 {[%emt 0:05:53]} Ba7 {[%emt 0:01:28]} 31. a4 {[%emt 0:00:03]} Bxd4 {[%emt 0:01:46]} 32. Nxd4 {[%emt 0:01:17]} Nc5 {[%emt 0:03:50]} 33. Nf5 {[%emt 0:00:30]} Nb3 {[%emt 0:04:17]} 34. Qb2 {[%emt 0:01:40]} Qc5 {[%emt 0:00:30]} 35. Qc3 {[%emt 0:00:42]} Ra8 {[%emt 0:00:58]} 36. Qxb3 Qc8 {[%emt 0:00:35]} 37. Ne7+ {[%emt 0:00:49]} Kf7 {[%emt 0:00:13]} 38. Nxc8 {[%emt 0:01:39]} cxb3 {[%emt 0:00:30]} 39. Rc7+ {[%emt 0:00:30]} 1-0

[Event "73rd RUS-ch Higher League 2020"]
[Site "Sochi"]
[Date "2020.10.09"]
[Round "2.24"]
[White "Makarian, Rudik"]
[Black "Stukan, Martin"]
[Result "1-0"]
[WhiteElo "2441"]
[BlackElo "2316"]
[Annotator "ChessBase"]
[PlyCount "119"]
[EventDate "2020.10.08"]
[EventType "swiss"]
[EventCountry "RUS"]
[SourceTitle "playchess.com"]
[Source "ChessBase"]
[SourceQuality "1"]
[TimeControl "40/5400+30:1800+30"]

1. e4 {[%emt 0:00:00]} c5 {[%emt 0:00:00]} 2. Ne2 {[%emt 0:00:42]} Nf6 {[%emt 0:00:00]} 3. Nbc3 {[%emt 0:13:41]} d6 {[%emt 0:00:00]} 4. g3 {[%emt 0:01:38]} g6 {[%emt 0:00:15]} 5. Bg2 {[%emt 0:00:07]} Bg7 {[%emt 0:00:02]} 6. O-O {[%emt 0:00:14]} O-O {[%emt 0:00:03]} 7. d4 {[%emt 0:00:09]} cxd4 {[%emt 0:00:57]} 8. Nxd4 {[%emt 0:00:06]} Nc6 {[%emt 0:05:05]} 9. Nb3 {[%emt 0:03:58]} Bg4 {[%emt 0:04:14]} 10. f3 {[%emt 0:00:27]} Be6 {[%emt 0:00:26]} 11. Kh1 {[%emt 0:08:24]} d5 {[%emt 0:14:31]} 12. Nc5 {[%emt 0:06:39]} dxe4 {[%emt 0:02:34]} 13. Nxe6 {[%emt 0:00:49]} fxe6 {[%emt 0:00:26]} 14. Be3 {[%emt 0:22:42]} exf3 {[%emt 0:15:24]} 15. Qxf3 {[%emt 0:00:49]} Qa5 {[%emt 0:02:20]} 16. Bh3 {[%emt 0:04:54]} e5 {[%emt 0:00:37]} 17. Ne4 {[%emt 0:08:53]} Nd5 {[%emt 0:13:42]} 18. Qe2 {[%emt 0:00:15]} Nd4 {[%emt 0:04:02]} 19. Qc4 {[%emt 0:04:39]} Nf5 {[%emt 0:04:27]} 20. Bc5 {[%emt 0:03:38]} Rad8 {[%emt 0:02:52]} 21. Rad1 {[%emt 0:05:18]} b5 {[%emt 0:00:28]} 22. Qb3 {[%emt 0:01:16]} Qa4 {[%emt 0:00:21]} 23. Qxa4 {[%emt 0:00:25]} bxa4 {[%emt 0:00:01]} 24. Bxa7 {[%emt 0:01:47]} Nde3 {[%emt 0:00:38]} 25. Bxe3 {[%emt 0:04:12]} Rxd1 {[%emt 0:00:01]} 26. Rxd1 {[%emt 0:00:07]} Nxe3 {[%emt 0:00:02]} 27. Rc1 {[%emt 0:00:43]} Bh6 {[%emt 0:03:48]} 28. c4 {[%emt 0:00:30]} Nd5 {[%emt 0:01:44]} 29. Rd1 {[%emt 0:01:06]} Ne3 {[%emt 0:00:22]} 30. Rc1 {[%emt 0:00:04]} Nd5 {[%emt 0:00:03]} 31. Re1 {[%emt 0:01:24]} Nb4 {[%emt 0:02:26]} 32. c5 {[%emt 0:00:22]} Rd8 {[%emt 0:00:03]} 33. a3 {[%emt 0:00:52]} Nc6 {[%emt 0:00:03]} 34. Nc3 {[%emt 0:01:53]} e4 {[%emt 0:07:38]} 35. Bg2 {[%emt 0:01:13]} Bd2 {[%emt 0:01:27]} 36. Rd1 {[%emt 0:00:20]} Bxc3 {[%emt 0:00:50]} 37. Rxd8+ {[%emt 0:00:05]} Nxd8 {[%emt 0:00:01]} 38. bxc3 {[%emt 0:00:01]} Kf7 {[%emt 0:00:13]} 39. Bxe4 {[%emt 0:00:18]} Ke6 {[%emt 0:00:03]} 40. Kg2 {[%emt 0:00:00]} Ke5 {[%emt 0:00:00]} 41. Bc2 {[%emt 0:02:41]} Kd5 {[%emt 0:00:02]} 42. Bxa4 {[%emt 0:05:47]} Kxc5 {[%emt 0:00:01]} 43. Bb3 {[%emt 0:00:42]} Nb7 {[%emt 0:00:01]} 44. Kf3 {[%emt 0:03:21]} Nd6 {[%emt 0:00:01]} 45. a4 {[%emt 0:02:38]} e5 {[%emt 0:00:00]} 46. Bg8 {[%emt 0:01:35]} h6 {[%emt 0:01:07]} 47. Bh7 {[%emt 0:05:54]} g5 {[%emt 0:00:01]} 48. Bd3 {[%emt 0:01:35]} Kb6 {[%emt 0:00:53]} 49. Kg4 {[%emt 0:04:12]} Ka5 {[%emt 0:02:37]} 50. Bc2 {[%emt 0:00:34]} e4 {[%emt 0:01:19]} 51. h4 {[%emt 0:03:02]} gxh4 {[%emt 0:16:09]} 52. gxh4 {[%emt 0:00:02]} e3 53. Kf3 {[%emt 0:00:17]} Nc4 {[%emt 0:00:07]} 54. Ke2 {[%emt 0:00:44]} Na3 {[%emt 0:03:50]} 55. Bd3 {[%emt 0:00:20]} Kxa4 {[%emt 0:01:53]} 56. Kxe3 {[%emt 0:00:08]} h5 {[%emt 0:01:32]} 57. Kd4 {[%emt 0:01:06]} Ka5 {[%emt 0:00:04]} 58. c4 {[%emt 0:02:34]} Kb6 {[%emt 0:00:10]} 59. Kd5 {[%emt 0:02:17]} Kc7 {[%emt 0:00:24]} 60. c5 {[%emt 0:00:08]} 1-0

[Event "73rd RUS-ch Higher League 2020"]
[Site "Sochi"]
[Date "2020.10.09"]
[Round "2.25"]
[White "Rodin, Dmitrij"]
[Black "Ibadov, Dashgyn"]
[Result "0-1"]
[WhiteElo "2388"]
[BlackElo "2296"]
[Annotator "ChessBase"]
[PlyCount "120"]
[EventDate "2020.10.08"]
[EventType "swiss"]
[EventCountry "RUS"]
[SourceTitle "playchess.com"]
[Source "ChessBase"]
[SourceQuality "1"]
[TimeControl "40/5400+30:1800+30"]

1. e4 {[%emt 0:00:00]} e5 {[%emt 0:00:00]} 2. Nf3 {[%emt 0:00:00]} Nc6 {[%emt 0:00:00]} 3. Bb5 {[%emt 0:00:26]} a6 {[%emt 0:00:00]} 4. Ba4 {[%emt 0:00:05]} Nf6 {[%emt 0:00:10]} 5. d3 {[%emt 0:06:06]} b5 {[%emt 0:00:27]} 6. Bb3 {[%emt 0:00:02]} Bc5 {[%emt 0:00:17]} 7. O-O {[%emt 0:02:15]} d6 {[%emt 0:02:29]} 8. c3 {[%emt 0:07:35]} h6 {[%emt 0:07:58]} 9. d4 {[%emt 0:08:22]} Bb6 {[%emt 0:00:42]} 10. Re1 {[%emt 0:17:40]} O-O {[%emt 0:07:04]} 11. Be3 {[%emt 0:01:30]} Bg4 {[%emt 0:05:16]} 12. d5 {[%emt 0:06:45]} Bxe3 {[%emt 0:00:50]} 13. Rxe3 {[%emt 0:01:16]} Ne7 {[%emt 0:08:03]} 14. Nbd2 {[%emt 0:01:26]} Ng6 {[%emt 0:03:54]} 15. Rc1 {[%emt 0:05:48]} Nd7 {[%emt 0:20:01]} 16. h3 {[%emt 0:07:47]} Bxf3 {[%emt 0:00:10]} 17. Nxf3 {[%emt 0:01:31]} h5 {[%emt 0:10:53]} 18. g3 {[%emt 0:03:57]} h4 {[%emt 0:00:21]} 19. Bc2 {[%emt 0:00:56]} a5 {[%emt 0:01:19]} 20. Kh2 {[%emt 0:04:51]} Qf6 {[%emt 0:04:30]} 21. Qe2 {[%emt 0:01:24]} Rfb8 {[%emt 0:05:43]} 22. Bd3 {[%emt 0:05:29]} Nc5 {[%emt 0:04:17]} 23. Bxb5 {[%emt 0:02:54]} hxg3+ {[%emt 0:00:08]} 24. fxg3 {[%emt 0:00:22]} Nf4 {[%emt 0:00:21]} 25. Qf1 {[%emt 0:03:34]} Qh6 {[%emt 0:03:01]} 26. Rce1 {[%emt 0:04:04]} Rxb5 {[%emt 0:00:20]} 27. gxf4 {[%emt 0:00:45]} Qxf4+ {[%emt 0:00:32]} 28. Kh1 {[%emt 0:00:29]} Rxb2 {[%emt 0:00:07]} 29. R3e2 {[%emt 0:00:40]} Rab8 {[%emt 0:00:44]} 30. Qg2 {[%emt 0:00:24]} Rxe2 {[%emt 0:03:09]} 31. Qxe2 {[%emt 0:00:21]} Na4 {[%emt 0:00:38]} 32. Rf1 {[%emt 0:04:43]} Nxc3 {[%emt 0:02:08]} 33. Qc4 {[%emt 0:00:42]} Nxe4 {[%emt 0:00:31]} 34. Qxc7 {[%emt 0:00:05]} Rb1 {[%emt 0:01:29]} 35. Qc8+ {[%emt 0:00:55]} Kh7 {[%emt 0:00:06]} 36. Ng5+ {[%emt 0:00:16]} Nxg5 {[%emt 0:00:28]} 37. Qc2+ {[%emt 0:00:05]} Ne4 {[%emt 0:07:44]} 38. Rxb1 {[%emt 0:00:47]} f5 {[%emt 0:01:02]} 39. Qg2 {[%emt 0:00:57]} Qe3 {[%emt 0:00:59]} 40. Rb3 {[%emt 0:00:00]} Qc1+ {[%emt 0:00:00]} 41. Kh2 {[%emt 0:13:43]} Nd2 {[%emt 0:02:34]} 42. Qf2 {[%emt 0:04:58]} Nxb3 {[%emt 0:05:44]} 43. Qxf5+ {[%emt 0:00:10]} Kh6 {[%emt 0:00:13]} 44. Qe6+ {[%emt 0:00:06]} g6 {[%emt 0:00:09]} 45. axb3 {[%emt 0:00:06]} Qf4+ {[%emt 0:00:14]} 46. Kg2 {[%emt 0:00:38]} e4 {[%emt 0:00:13]} 47. Qg8 {[%emt 0:00:22]} Qf3+ {[%emt 0:01:19]} 48. Kh2 {[%emt 0:00:13]} Qf2+ {[%emt 0:03:24]} 49. Kh1 {[%emt 0:00:05]} e3 {[%emt 0:02:31]} 50. Qh8+ {[%emt 0:00:05]} Kg5 {[%emt 0:00:03]} 51. Qd8+ {[%emt 0:00:07]} Qf6 {[%emt 0:01:03]} 52. h4+ {[%emt 0:01:15]} Kf5 {[%emt 0:00:02]} 53. Qc8+ {[%emt 0:02:48]} Kf4 {[%emt 0:00:40]} 54. Kg2 {[%emt 0:01:00]} Qb2+ {[%emt 0:06:42]} 55. Kh3 {[%emt 0:00:07]} e2 {[%emt 0:01:08]} 56. Qg4+ {[%emt 0:00:48]} Ke3 {[%emt 0:00:07]} 57. Qg5+ {[%emt 0:00:12]} Kd3 {[%emt 0:03:14]} 58. Qxg6+ {[%emt 0:00:08]} Kd2 {[%emt 0:00:08]} 59. Qg5+ {[%emt 0:01:05]} Kd1 {[%emt 0:00:07]} 60. Qg4 {[%emt 0:00:29]} Qe5 0-1